State of the world's forests

Gardado en:
Detalles Bibliográficos
Formato: Libro
Idioma:Undetermined
Publicado: Rome FAO 2005
Những chủ đề:
Các nhãn: Engadir etiqueta
Sen Etiquetas, Sexa o primeiro en etiquetar este rexistro!
Thư viện lưu trữ: Trung tâm Học liệu Trường Đại học Cần Thơ
LEADER 00403nam a2200157Ia 4500
001 CTU_93095
008 210402s9999 xx 000 0 und d
082 |a 634.9 
082 |b S797 
245 0 |a State of the world's forests 
260 |a Rome 
260 |b FAO 
260 |c 2005 
650 |a Forests and forestry 
904 |i Mai Loan, QHieu 
980 |a Trung tâm Học liệu Trường Đại học Cần Thơ